00538nam a22001697a 450000500170000001000130001702000260003003500130005603700230006908200180009210000270011024500590013726000500019627000810024630000380032770000030036520110729155159.0 aB-441247 a9788123707532c130.00 aB-441247 bAllied Publishers  a791.430233092 aDas Gupta, Chidananda  aThe cinema of Satyajit Ray /cby Chidananda Das Gupta  aNew DelhibNational Book Trustc2008(repr.).  aNehru Bhawan, 5 Institutional Area, Phase-II, Vasant KunjbNew Delhie110070 axv, 204pc26cm(pbk) bb&w photos